000 00338nam a2200145Ia 4500
001 R-1745
003 CODICE-MESSINA
005 20260212102512.0
008 260211s9999 xx 000 0 und d
040 _cimportazione_messina
100 _aOriana Fallaci
245 0 _aLa Rabbia E L'orgoglio
260 _bRizzoli
942 _2ddc
_cBK
999 _c28253
_d28253